{"text_format":"3","workbook":"xlsx","n_sheets":6,"sheets":["资产评估结果汇总表","存货—半成品评估明细表","存货—产成品评估明细表","固定资产-机器设备评估明细表","固定资产-电子设备评估明细表","无形资产"],"not_rendered":{"images":4,"defined_names":5},"read":"whole","date_system":"1900"}

{"sheet":"资产评估结果汇总表","index":0,"n_rows":14,"n_cols":7,"rows_kept":14,"merged":[[0,0,0,6],[1,0,1,6],[3,0,4,1],[3,3,4,3],[3,4,4,4],[13,3,13,4]]}
["资产评估结果汇总表"]
["评估基准日：2023年11月13日"]
[{"$f":"存货—半成品评估明细表!A3","v":"产权持有人：贵州产投高科新型建筑建材科技有限责任公司"},{"$nulls":3},"金额单位：人民币万元"]
["项目",null,"市场价值","清算价值","备注","增减值","增值率%"]
[null,null,"A",null,null,"C=B-A","D=C/A×100%"]
[1,"流动资产"]
["一、","流动资产",{"$f":"C8+C9","v":{"v":6106.752,"d":"6,106.75"}},{"$f":"D8+D9","v":{"v":19.999,"d":"20.00"}},null,{"$f":"D7-C7","v":{"v":-6086.753,"d":"(6,086.75)"}},{"$f":"F7/C7*100","v":{"v":-99.6725100347943,"d":"(99.67)"}}]
[1,"存货—半成品",{"$f":"存货—半成品评估明细表!H9","v":{"v":6106.752,"d":"6,106.75"}},{"$f":"存货—半成品评估明细表!J9/10000","v":{"v":0.367,"d":"0.37"}},null,{"$f":"F7","v":{"v":-6086.753,"d":"(6,086.75)"}},{"$f":"G7","v":{"v":-99.6725100347943,"d":"(99.67)"}}]
[2,"存货—库存商品",{"$f":"存货—产成品评估明细表!G39","v":{"v":0,"d":"0.00"}},{"$f":"存货—产成品评估明细表!J39/10000","v":{"v":19.632,"d":"19.63"}},null,{"v":-6086.753,"d":"(6,086.75)"},{"v":-99.6725100347943,"d":"(99.67)"}]
["二、","非流动资产",{"$f":"C11","v":{"v":2768983.96,"d":"2,768,983.96"}},{"$f":"D11+D12","v":{"v":136.5662,"d":"136.57"}},null,{"v":-6086.753,"d":"(6,086.75)"},{"v":-99.6725100347943,"d":"(99.67)"}]
[1,"固定资产",{"$f":"'固定资产-机器设备评估明细表'!L27+'固定资产-电子设备评估明细表'!N153","v":{"v":2768983.96,"d":"2,768,983.96"}},{"$f":"'固定资产-机器设备评估明细表'!R27/10000+'固定资产-电子设备评估明细表'!S153/10000","v":{"v":136.3062,"d":"136.31"}},null,{"v":-6086.753,"d":"(6,086.75)"},{"v":-99.6725100347943,"d":"(99.67)"}]
[2,"无形资产",null,{"$f":"无形资产!N9/10000","v":0.26}]
["三、","资产总计",{"$f":"C7+C10","v":{"v":2775090.712,"d":"2,775,090.71"}},{"$f":"D10+D7","v":{"v":156.5652,"d":"156.57"}},null,{"$f":"D13-C13","v":{"v":-2774934.1468,"d":"(2,774,934.15)"}},{"$f":"F13/C13*100","v":{"v":-99.9943581952358,"d":"(99.99)"}}]
["评估机构：重庆谛威资产评估房地产土地估价有限公司",null,null,{"$f":"存货—半成品评估明细表!I10","v":"评估人员：康永军、张力、张黎、高攀、吴培"}]

{"sheet":"存货—半成品评估明细表","index":1,"n_rows":11,"n_cols":13,"rows_kept":11,"merged":[[0,0,0,12],[8,0,8,2]]}
["存货—半成品评估明细表"]
[{"$nulls":7},"评估基准日：2023年11月13日"]
["产权持有人：贵州产投高科新型建筑建材科技有限责任公司",{"$nulls":11},"人民币：元"]
["序号","名称","规格型号","数量","计量单位","生产日期","账面价值","市场价值","变现率","清算价值","增减值","增值率","备注"]
["1","墙板","3000*600*120",{"$f":"28*3+2+10+11","v":{"v":107,"d":"107.00"}},"块","2019年6月",null,{"v":5546.88,"d":"5,546.88"},{"v":0.6,"d":"60%"},{"$f":"ROUND(H5*I5,-1)","v":{"v":3330,"d":"3,330.00"}},{"$f":"H5-G5","v":{"v":5546.88,"d":"5,546.88"}},{"$f":"K5/G5","v":{"$error":"#DIV/0!"}},"处于预养护阶段，尚未质检拆模、清洁上油"]
["2","墙板","2700*600*120",{"$f":"5+3+2+2","v":{"v":12,"d":"12.00"}},"块","2019年6月",null,{"v":559.872,"d":"559.87"},{"v":0.6,"d":"60%"},{"$f":"ROUND(H6*I6,-1)","v":{"v":340,"d":"340.00"}},{"v":559.872,"d":"559.87"},{"$error":"#DIV/0!"},"处于预养护阶段，尚未质检拆模、清洁上油"]
[]
[]
["合计",null,null,{"$f":"SUM(D5:D8)","v":{"v":119,"d":"119.00"}},{"$nulls":3},{"$f":"SUM(H5:H8)","v":{"v":6106.752,"d":"6,106.75"}},null,{"v":3670,"d":"3,670.00"},{"v":6106.752,"d":"6,106.75"},{"$error":"#DIV/0!"}]
["填表人：冯军",{"$nulls":7},"评估人员：康永军、张力、张黎、高攀、吴培"]
["填表日期：2024-4-8"]

{"sheet":"存货—产成品评估明细表","index":2,"n_rows":41,"n_cols":13,"rows_kept":41,"merged":[[0,0,0,12],[38,0,38,2]]}
["存货—库存商品评估明细表"]
[{"$nulls":7},"评估基准日：2023年11月13日"]
["产权持有人：贵州产投高科新型建筑建材科技有限责任公司",{"$nulls":11},"人民币：元"]
["序号","名称","规格型号","数量","计量单位","生产日期","账面价值","市场价值","变现率","清算价值","增减值","增值率","备注"]
["1","墙板","3000*600*120",{"$f":"55*4","v":{"v":220,"d":"220.00"}},"块","2019-04-22",null,{"v":12672,"d":"12,672.00"},{"v":0.6,"d":"60%"},{"$f":"ROUND(H5*I5,-1)","v":{"v":7600,"d":"7,600.00"}},{"$f":"H5-G5","v":{"v":12672,"d":"12,672.00"}},{"$f":"K5/G5","v":{"$error":"#DIV/0!"}},"存放在厂房内"]
["2","墙板","3000*600*120",{"$f":"55*4","v":{"v":220,"d":"220.00"}},"块","2019-04-22",null,{"v":12672,"d":"12,672.00"},{"v":0.6,"d":"60%"},{"v":7600,"d":"7,600.00"},{"v":12672,"d":"12,672.00"},{"$error":"#DIV/0!"},"存放在厂房内"]
["3","墙板","3000*600*120",{"v":50,"d":"50.00"},"块","2019-04-22",null,{"v":2880,"d":"2,880.00"},{"v":0.6,"d":"60%"},{"v":1730,"d":"1,730.00"},{"v":2880,"d":"2,880.00"},{"$error":"#DIV/0!"},"存放在厂房内"]
["4","墙板","3000*600*120",{"v":4,"d":"4.00"},"块","2019-04-22",null,{"v":230.4,"d":"230.40"},{"v":0.6,"d":"60%"},{"v":140,"d":"140.00"},{"v":230.4,"d":"230.40"},{"$error":"#DIV/0!"},"存放在厂房内"]
["5","墙板","3000*600*120",{"v":75,"d":"75.00"},"块","2019-04-22",null,{"v":4320,"d":"4,320.00"},{"v":0.6,"d":"60%"},{"v":2590,"d":"2,590.00"},{"v":4320,"d":"4,320.00"},{"$error":"#DIV/0!"},"存放在厂房内"]
["6","墙板","3000*600*120",{"v":49,"d":"49.00"},"块","2019-04-22",null,{"v":2822.4,"d":"2,822.40"},{"v":0.6,"d":"60%"},{"v":1690,"d":"1,690.00"},{"v":2822.4,"d":"2,822.40"},{"$error":"#DIV/0!"},"存放在厂房内"]
["7","墙板","3000*600*92",{"$f":"56*4+6","v":{"v":230,"d":"230.00"}},"块","2017-11-21",null,{"v":13248,"d":"13,248.00"},{"v":0.6,"d":"60%"},{"v":7950,"d":"7,950.00"},{"v":13248,"d":"13,248.00"},{"$error":"#DIV/0!"},"存放在厂房内"]
["8","墙板","3000*600*120",{"v":9,"d":"9.00"},"块","2019-05-05",null,{"v":518.4,"d":"518.40"},{"v":0.6,"d":"60%"},{"v":310,"d":"310.00"},{"v":518.4,"d":"518.40"},{"$error":"#DIV/0!"},"存放在厂房内"]
["9","墙板","3000*600*120",{"v":5,"d":"5.00"},"块","2019-02-14",null,{"v":288,"d":"288.00"},{"v":0.6,"d":"60%"},{"v":170,"d":"170.00"},{"v":288,"d":"288.00"},{"$error":"#DIV/0!"},"存放在厂房内"]
["10","墙板","2700*600*120",{"v":8,"d":"8.00"},"块","2019-02-01",null,414.72,{"v":0.6,"d":"60%"},{"v":250,"d":"250.00"},414.72,{"$error":"#DIV/0!"},"存放在厂房内"]
["11","墙板","3000*600*92",{"$f":"60*3+53","v":{"v":233,"d":"233.00"}},"块","2017-11-28",null,{"v":13420.8,"d":"13,420.80"},{"v":0.6,"d":"60%"},{"v":8050,"d":"8,050.00"},{"v":13420.8,"d":"13,420.80"},{"$error":"#DIV/0!"},"存放在厂房内"]
["12","墙板","3000*600*120",{"v":19,"d":"19.00"},"块","2018-10-22",null,{"v":1094.4,"d":"1,094.40"},{"v":0.6,"d":"60%"},{"v":660,"d":"660.00"},{"v":1094.4,"d":"1,094.40"},{"$error":"#DIV/0!"},"存放在厂房内"]
["13","墙板","2700*600*120",{"v":5,"d":"5.00"},"块","2018-04-01",null,{"v":259.2,"d":"259.20"},{"v":0.6,"d":"60%"},{"v":160,"d":"160.00"},{"v":259.2,"d":"259.20"},{"$error":"#DIV/0!"},"存放在厂房内"]
["14","墙板","3000*600*120",{"v":10,"d":"10.00"},"块","2019-04-07",null,{"v":576,"d":"576.00"},{"v":0.6,"d":"60%"},{"v":350,"d":"350.00"},{"v":576,"d":"576.00"},{"$error":"#DIV/0!"},"存放在厂房内"]
["15","墙板","3000*600*92",{"v":90,"d":"90.00"},"块","2017-11-29",null,{"v":5184,"d":"5,184.00"},{"v":0.6,"d":"60%"},{"v":3110,"d":"3,110.00"},{"v":5184,"d":"5,184.00"},{"$error":"#DIV/0!"},"存放在厂房内"]
["16","墙板","2700*600*120",{"v":85,"d":"85.00"},"块","2018-04-09",null,{"v":4406.4,"d":"4,406.40"},{"v":0.6,"d":"60%"},{"v":2640,"d":"2,640.00"},{"v":4406.4,"d":"4,406.40"},{"$error":"#DIV/0!"},"存放在厂房内"]
["17","墙板","3000*600*120",{"v":93,"d":"93.00"},"块","2018-11-28",null,{"v":5356.8,"d":"5,356.80"},{"v":0.6,"d":"60%"},{"v":3210,"d":"3,210.00"},{"v":5356.8,"d":"5,356.80"},{"$error":"#DIV/0!"},"存放在厂房内"]
["18","墙板","2700*600*120",{"v":10,"d":"10.00"},"块","2019-04-03",null,{"v":518.4,"d":"518.40"},{"v":0.6,"d":"60%"},{"v":310,"d":"310.00"},{"v":518.4,"d":"518.40"},{"$error":"#DIV/0!"},"存放在厂房内"]
["19","墙板","3000*600*92",{"$f":"66*3+25","v":{"v":223,"d":"223.00"}},"块","2017-11-13",null,{"v":12844.8,"d":"12,844.80"},{"v":0.6,"d":"60%"},{"v":7710,"d":"7,710.00"},{"v":12844.8,"d":"12,844.80"},{"$error":"#DIV/0!"},"存放在厂房内"]
["20","墙板","3000*600*92",{"$f":"66*3+60","v":{"v":258,"d":"258.00"}},"块","2017-11-29",null,{"v":14860.8,"d":"14,860.80"},{"v":0.6,"d":"60%"},{"v":8920,"d":"8,920.00"},{"v":14860.8,"d":"14,860.80"},{"$error":"#DIV/0!"},"存放在厂房内"]
["21","墙板","3000*600*120",{"v":153,"d":"153.00"},"块","2019-07-01",null,{"v":8812.8,"d":"8,812.80"},{"v":0.6,"d":"60%"},{"v":5290,"d":"5,290.00"},{"v":8812.8,"d":"8,812.80"},{"$error":"#DIV/0!"},"存放在厂房内"]
["22","墙板","3000*600*120",{"v":139,"d":"139.00"},"块","2019-06-25",null,{"v":8006.4,"d":"8,006.40"},{"v":0.6,"d":"60%"},{"v":4800,"d":"4,800.00"},{"v":8006.4,"d":"8,006.40"},{"$error":"#DIV/0!"},"存放在厂房内"]
["23","墙板","3000*600*120",{"$f":"16*5-2","v":{"v":78,"d":"78.00"}},"块","2019-06-11",null,{"v":4492.8,"d":"4,492.80"},{"v":0.6,"d":"60%"},{"v":2700,"d":"2,700.00"},{"v":4492.8,"d":"4,492.80"},{"$error":"#DIV/0!"},"存放在厂房内"]
["24","墙板","2700*600*92",{"$f":"23*6+128","v":{"v":266,"d":"266.00"}},"块","2018-04-09",null,{"v":13789.44,"d":"13,789.44"},{"v":0.6,"d":"60%"},{"v":8270,"d":"8,270.00"},{"v":13789.44,"d":"13,789.44"},{"$error":"#DIV/0!"},"存放在厂房内"]
["25","墙板","3000*600*92",{"v":9,"d":"9.00"},"块","2019-06-11",null,{"v":518.4,"d":"518.40"},{"v":0.6,"d":"60%"},{"v":310,"d":"310.00"},{"v":518.4,"d":"518.40"},{"$error":"#DIV/0!"},"存放在厂房内"]
["26","墙板","2770*600*92",{"$f":"162*3-1","v":{"v":485,"d":"485.00"}},"块","2018-04-13",null,{"v":25794.24,"d":"25,794.24"},{"v":0.6,"d":"60%"},{"v":15480,"d":"15,480.00"},{"v":25794.24,"d":"25,794.24"},{"$error":"#DIV/0!"},"存放在厂房内"]
["27","墙板","3000*600*92",{"v":168,"d":"168.00"},"块","2017-11-29",null,{"v":9676.8,"d":"9,676.80"},{"v":0.6,"d":"60%"},{"v":5810,"d":"5,810.00"},{"v":9676.8,"d":"9,676.80"},{"$error":"#DIV/0!"},"存放在厂房内"]
["28","墙板","3000*600*92",{"$f":"114+77","v":{"v":191,"d":"191.00"}},"块","2017-11-17",null,{"v":11001.6,"d":"11,001.60"},{"v":0.6,"d":"60%"},{"v":6600,"d":"6,600.00"},{"v":11001.6,"d":"11,001.60"},{"$error":"#DIV/0!"},"存放在厂房内"]
["29","墙板","3000*600*92",{"v":220,"d":"220.00"},"块","2017-10-23",null,{"v":12672,"d":"12,672.00"},{"v":0.6,"d":"60%"},{"v":7600,"d":"7,600.00"},{"v":12672,"d":"12,672.00"},{"$error":"#DIV/0!"},"存放在厂房内"]
["30","墙板","3000*600*120",{"v":350,"d":"350.00"},"块","2019-06-28",null,{"v":20160,"d":"20,160.00"},{"v":0.6,"d":"60%"},{"v":12100,"d":"12,100.00"},{"v":20160,"d":"20,160.00"},{"$error":"#DIV/0!"},"存放在厂房内"]
["31","墙板","3000*600*120",{"$f":"19*5*4*2","v":{"v":760,"d":"760.00"}},"块","2019-06-03",null,{"v":43776,"d":"43,776.00"},{"v":0.6,"d":"60%"},{"v":26270,"d":"26,270.00"},{"v":43776,"d":"43,776.00"},{"$error":"#DIV/0!"},"存放在厂房内"]
["32","墙板","3000*600*120",{"$f":"18*5*4*2","v":{"v":720,"d":"720.00"}},"块","2019-05-15",null,{"v":41472,"d":"41,472.00"},{"v":0.6,"d":"60%"},{"v":24880,"d":"24,880.00"},{"v":41472,"d":"41,472.00"},{"$error":"#DIV/0!"},"存放在厂房内"]
["33","墙板","3000*600*120",{"$f":"16*5*4","v":{"v":320,"d":"320.00"}},"块","2019-05-13",null,{"v":18432,"d":"18,432.00"},{"v":0.6,"d":"60%"},{"v":11060,"d":"11,060.00"},{"v":18432,"d":"18,432.00"},{"$error":"#DIV/0!"},"存放在厂房内"]
[]
["合计",null,null,{"$f":"SUM(D5:D38)","v":{"v":5755,"d":"5,755.00"}},null,null,{"$f":"SUM(G5:G38)","v":{"v":0,"d":"0.00"}},{"$f":"SUM(H5:H38)","v":{"v":327192,"d":"327,192.00"}},null,{"$f":"SUM(J5:J38)","v":{"v":196320,"d":"196,320.00"}},{"$f":"SUM(K5:K38)","v":{"v":327192,"d":"327,192.00"}},{"$f":"K39/G39","v":{"$error":"#DIV/0!"}}]
["填表人：冯军",{"$nulls":7},"评估人员：康永军、张力、张黎、高攀、吴培"]
["填表日期：2024-4-8"]

{"sheet":"固定资产-机器设备评估明细表","index":3,"n_rows":29,"n_cols":22,"rows_kept":29,"merged":[[0,0,0,21],[2,7,2,10],[3,0,4,0],[3,1,4,1],[3,2,4,2],[3,3,4,3],[3,4,4,4],[3,5,4,5],[3,6,4,6],[3,7,4,7],[3,8,4,8],[3,9,4,9],[3,10,3,11],[3,12,4,12],[3,13,3,15],[3,16,4,16],[3,17,4,17],[3,18,4,18],[3,19,4,19],[3,20,4,20],[3,21,4,21],[24,0,24,2],[25,0,25,2],[26,0,26,2]]}
["机器设备评估明细表"]
[{"$nulls":10},"评估基准日：2023年11月13日",null,"评估基准日：2023年11月13日"]
["产权持有人：贵州产投高科新型建筑建材科技有限责任公司",{"$nulls":20},"人民币：元"]
["序号","资产编码","资产名称","规格","账面数量","计量单位","资产类别","开始使用日期","使用月限","已计提期数","账面价值",null,"盘点数量","市场价值",null,null,"变现率","清算价值","增减值","增值率","使用部门","备注"]
[{"$nulls":10},"原值","净值",null,"原值","成新率","净值"]
["1","02990017","地磅","数字式电子汽车衡",1,"台","机器设备","2016-12-09",240,84,{"v":36410.26,"d":"36,410.26"},{"v":11687.71,"d":"11,687.71"},0,{"$nulls":7},"墙板生产线","盘亏"]
["2","02030006","ACOTECRRO生产线","搅拌、料斗、挤出、切割、修边、堆垛",1,"条","机器设备","2017-02-23",120,82,{"v":7029540,"d":"7,029,540.00"},{"v":2370126.63,"d":"2,370,126.63"},1,{"v":4500000,"d":"4,500,000.00"},{"v":0.42,"d":"42.00%"},{"v":1890000,"d":"1,890,000.00"},{"v":0.5,"d":"50%"},{"$f":"ROUND(P7*Q7,-1)","v":{"v":945000,"d":"945,000.00"}},null,null,"墙板生产线","闲置"]
["3","030002","电动叉车","CPD型135  ",2,"台","运输设备","2017-02-23",60,60,{"v":177012,"d":"177,012.00"},{"v":5310.36,"d":"5,310.36"},2,{"v":159616,"d":"159,616.00"},{"v":0.48,"d":"48.00%"},{"$f":"ROUND(N8*O8,-1)","v":{"v":76620,"d":"76,620.00"}},{"v":0.5,"d":"50%"},{"v":38310,"d":"38,310.00"},null,null,"墙板生产线","闲置"]
["4","02030007","螺杆式空压机","SF15-8",1,"台","机器设备","2017-02-23",120,82,{"v":28111.3,"d":"28,111.30"},{"v":9478.33,"d":"9,478.33"},1,{"v":31800,"d":"31,800.00"},{"v":0.5,"d":"50.00%"},{"v":15900,"d":"15,900.00"},{"v":0.5,"d":"50%"},{"v":7950,"d":"7,950.00"},null,null,"墙板生产线","闲置"]
["5","030003","安装辅助车",null,2,"台","运输设备","2017-02-23",60,60,{"v":5721.24,"d":"5,721.24"},171.64,2,{"v":5200,"d":"5,200.00"},{"v":0.43,"d":"43.00%"},{"v":2240,"d":"2,240.00"},{"v":0.5,"d":"50%"},{"v":1120,"d":"1,120.00"},null,null,"墙板生产线","闲置"]
["6","02990018","底模","Pl5.0*680*3000",200,"个","机器设备","2017-04-03",120,80,{"v":108793.05,"d":"108,793.05"},{"v":38440.25,"d":"38,440.25"},200,{"v":35088,"d":"35,088.00"},{"v":0.61,"d":"61.00%"},{"v":21400,"d":"21,400.00"},{"v":0.5,"d":"50%"},{"v":10700,"d":"10,700.00"},null,null,"墙板生产线","闲置"]
["7","02990019","托盘","120*600*3300",40,"个","机器设备","2017-04-03",120,80,{"v":41929.91,"d":"41,929.91"},{"v":14815.36,"d":"14,815.36"},40,{"v":5440,"d":"5,440.00"},{"v":0.61,"d":"61.00%"},{"v":3320,"d":"3,320.00"},{"v":0.5,"d":"50%"},{"v":1660,"d":"1,660.00"},null,null,"墙板生产线","闲置"]
["8","02990020","景观墙立柱","HW125*125*1300",9,"个","机器设备","2017-04-03",120,80,{"v":3846.15,"d":"3,846.15"},{"v":1358.95,"d":"1,358.95"},10,{"v":2850,"d":"2,850.00"},{"v":0.44,"d":"44.00%"},{"v":1250,"d":"1,250.00"},{"v":0.5,"d":"50%"},{"v":630,"d":"630.00"},null,null,"墙板生产线","闲置，1个盘盈"]
["9","02010001","T型设备","90型",1,"台","机器设备","2017-06-14",120,78,{"v":12820.51,"d":"12,820.51"},{"v":4737.35,"d":"4,737.35"},0,{"$nulls":7},"墙板生产线","盘亏"]
["10","02010002","L型设备","90型",1,"台","机器设备","2017-06-14",120,78,{"v":12820.51,"d":"12,820.51"},{"v":4737.35,"d":"4,737.35"},0,{"$nulls":7},"墙板生产线","盘亏"]
["11","02990021","底模","610*3000  直径4",300,"个","机器设备","2017-06-22",120,78,{"v":171178.35,"d":"171,178.35"},{"v":64719.64,"d":"64,719.64"},300,{"v":47214,"d":"47,214.00"},{"v":0.62,"d":"62.00%"},{"v":29270,"d":"29,270.00"},{"v":0.5,"d":"50%"},{"$f":"ROUND(P16*Q16,-1)","v":{"v":14640,"d":"14,640.00"}},null,null,"墙板生产线","闲置"]
["12","02990022","托盘","120*660*3300",60,"个","机器设备","2017-06-22",120,78,{"v":55555.55,"d":"55,555.55"},{"v":20527.88,"d":"20,527.88"},60,{"v":8160,"d":"8,160.00"},{"v":0.62,"d":"62.00%"},{"v":5060,"d":"5,060.00"},{"v":0.5,"d":"50%"},{"v":2530,"d":"2,530.00"},null,null,"墙板生产线","闲置"]
["13","040109","ZQS智能切割机","ZQS400",1,"台","机器设备","2017-08-02",36,36,{"v":2564.1,"d":"2,564.10"},{"v":0,"d":"0.00"},1,{"v":2700,"d":"2,700.00"},{"v":0.6,"d":"60.00%"},{"v":1620,"d":"1,620.00"},{"v":0.5,"d":"50%"},{"v":810,"d":"810.00"},null,null,"墙板生产线","闲置"]
["14","030004","叉车","2吨2吨",1,"台","运输设备","2017-08-02",60,60,{"v":1000,"d":"1,000.00"},{"v":30,"d":"30.00"},1,{"v":810,"d":"810.00"},{"v":0.49,"d":"49.00%"},{"v":400,"d":"400.00"},{"v":0.5,"d":"50%"},{"v":200,"d":"200.00"},null,null,"墙板生产线","闲置"]
["15","030005","叉车","2吨2吨",1,"台","运输设备","2017-08-02",60,60,{"v":1000,"d":"1,000.00"},{"v":30,"d":"30.00"},1,{"v":810,"d":"810.00"},{"v":0.31,"d":"31.00%"},{"v":250,"d":"250.00"},{"v":0.5,"d":"50%"},{"v":130,"d":"130.00"},null,null,"墙板生产线","已坏"]
["16","030006","柳工装载机","CLG855N",1,"台","运输设备","2019-08-05",60,52,{"v":323008.85,"d":"323,008.85"},{"v":51466.13,"d":"51,466.13"},1,{"v":335000,"d":"335,000.00"},{"v":0.62,"d":"62.00%"},{"v":207700,"d":"207,700.00"},{"v":0.5,"d":"50%"},{"v":103850,"d":"103,850.00"},null,null,"混凝土生产线","闲置"]
["17","030007","柳工牌装载机","CLG856H",1,"台","运输设备","2020-04-22",60,44,{"v":380530.97,"d":"380,530.97"},{"v":109846.63,"d":"109,846.63"},1,{"v":415000,"d":"415,000.00"},{"v":0.64,"d":"64.00%"},{"v":265600,"d":"265,600.00"},{"v":0.5,"d":"50%"},{"v":132800,"d":"132,800.00"},null,null,"混凝土生产线","闲置"]
["18","02990016","墙板线附属设施","B650*19",1,"套","机器设备","2016-10-01",120,86,{"v":199999.99,"d":"199,999.99"},{"v":60966.67,"d":"60,966.67"},0,{"$nulls":7},"墙板生产线","盘亏"]
["19","0103000001","发电机及配套工程","XM-7660",1,"套","机器设备","2022-12-31",240,0,{"v":168200,"d":"168,200.00"},{"v":168200,"d":"168,200.00"},1,{"v":184100,"d":"184,100.00"},{"v":0.87,"d":"87.00%"},{"v":160170,"d":"160,170.00"},{"v":0.5,"d":"50%"},{"$f":"ROUND(P24*Q24,-1)","v":{"v":80090,"d":"80,090.00"}},null,null,"生产部管理人员","闲置"]
["合     计",{"$nulls":9},{"$f":"SUM(K6:K24)","v":{"v":8760042.74,"d":"8,760,042.74"}},{"v":2936650.88,"d":"2,936,650.88"},null,{"v":5733788,"d":"5,733,788.00"},null,{"$f":"SUM(P6:P24)","v":{"v":2680800,"d":"2,680,800.00"}},null,{"$f":"SUM(R6:R24)","v":{"v":1340420,"d":"1,340,420.00"}}]
["减：机器设备减值准备",{"$nulls":10},{"v":168200,"d":"168,200.00"}]
["合            计",{"$nulls":9},{"$f":"K25-K26","v":{"v":8760042.74,"d":"8,760,042.74"}},{"v":2768450.88,"d":"2,768,450.88"},null,{"v":5733788,"d":"5,733,788.00"},null,{"$f":"P25-P26","v":{"v":2680800,"d":"2,680,800.00"}},null,{"$f":"R25-R26","v":{"v":1340420,"d":"1,340,420.00"}}]
["填表人：冯军",{"$nulls":9},"评估人员：康永军、张力、张黎、高攀、吴培",{"$nulls":5},"评估人员：康永军、张力、张黎、高攀、吴培"]
["填表日期：2024-4-8"]

{"sheet":"固定资产-电子设备评估明细表","index":4,"n_rows":154,"n_cols":24,"rows_kept":154,"merged":[[0,0,0,23],[3,0,4,0],[3,1,4,1],[3,2,4,2],[3,3,4,3],[3,4,4,4],[3,5,4,5],[3,6,4,6],[3,7,4,7],[3,8,4,8],[3,9,4,9],[3,10,4,10],[3,11,4,11],[3,12,3,13],[3,14,3,16],[3,17,4,17],[3,18,4,18],[3,19,4,19],[3,20,4,20],[3,21,4,21],[3,22,4,22],[3,23,4,23],[150,0,150,2],[151,0,151,2],[152,0,152,2]]}
["电子设备评估明细表"]
[{"$nulls":13},"评估基准日：2023年11月13日","评估基准日：2023年11月13日"]
["产权持有人：贵州产投高科新型建筑建材科技有限责任公司",{"$nulls":22},"人民币：元"]
["序号","资产编码","资产名称","所属组织","规格","型号","数量","计量单位","资产类别","开始使用日期","使用月限","已计提期数","账面价值",null,"市场价值",null,null,"变现率","清算价值","增减值","增值率","使用部门","盘点数量","备注"]
[{"$nulls":12},"原值","净值","原值","成新率","净值"]
["1","050025","防盗门","贵州产投高科新型建筑建材科技有限责任公司","2050*960百家福","2050*960百家福",1,"扇","办公设备","2016-10-27",60,60,{"v":1760,"d":"1,760.00"},{"v":0,"d":"0.00"},{"v":1570,"d":"1,570.00"},{"v":0.530045662100457,"d":"53%"},{"$f":"ROUND(O6*P6,-1)","v":{"v":830,"d":"830.00"}},{"v":0.6,"d":"60%"},{"$f":"ROUND(Q6*R6,-1)","v":{"v":500,"d":"500.00"}},null,null,"财务部",1,"正常使用"]
["2","050026","防盗门","贵州产投高科新型建筑建材科技有限责任公司","2050*1480百家福","2050*1480百家福",1,"扇","办公设备","2016-11-03",60,60,{"v":2480,"d":"2,480.00"},{"v":0,"d":"0.00"},{"v":2430,"d":"2,430.00"},{"v":0.531324200913242,"d":"53%"},{"v":1290,"d":"1,290.00"},{"v":0.6,"d":"60%"},{"v":770,"d":"770.00"},null,null,"综合部",1,"正常使用"]
["3","040009","粤慧凌四门冰柜","贵州产投高科新型建筑建材科技有限责任公司","1200*730*1900D1.0L4","1200*730*1900D1.0L4",1,"台","电子设备","2016-11-03",36,36,{"v":5300,"d":"5,300.00"},{"v":0,"d":"0.00"},{"v":5999,"d":"5,999.00"},{"v":0.296986301369863,"d":"30%"},{"v":1780,"d":"1,780.00"},{"v":0.6,"d":"60%"},{"v":1070,"d":"1,070.00"},null,null,"综合部",1,"闲置"]
["4","050027","平板货架","贵州产投高科新型建筑建材科技有限责任公司","400*500*1600不锈钢","400*500*1600不锈钢",1,"个","办公设备","2016-11-03",60,60,{"v":800,"d":"800.00"},{"v":0,"d":"0.00"},{"v":750,"d":"750.00"},{"v":0.121232876712329,"d":"12%"},{"v":90,"d":"90.00"},{"v":0.6,"d":"60%"},{"v":50,"d":"50.00"},null,null,"综合部",1,"闲置"]
["5","050028","双槽水池","贵州产投高科新型建筑建材科技有限责任公司","1200*600*800不锈钢","1200*600*800不锈钢",1,"个","办公设备","2016-11-03",60,60,{"v":600,"d":"600.00"},{"v":0,"d":"0.00"},{"v":280,"d":"280.00"},{"v":0.121232876712329,"d":"12%"},{"v":30,"d":"30.00"},{"v":0.6,"d":"60%"},{"v":20,"d":"20.00"},null,null,"综合部",1,"闲置"]
["6","050029","单头气炉","贵州产投高科新型建筑建材科技有限责任公司","1100-800-800","1100-800-800",1,"个","办公设备","2016-11-03",60,60,{"v":900,"d":"900.00"},{"v":0,"d":"0.00"},{"v":888,"d":"888.00"},{"v":0.121232876712329,"d":"12%"},{"v":110,"d":"110.00"},{"v":0.6,"d":"60%"},{"v":70,"d":"70.00"},null,null,"综合部",1,"闲置"]
["7","040010","威尔浦双门高温消毒柜","贵州产投高科新型建筑建材科技有限责任公司","1150.*600*1500910G-A","1150.*600*1500910G-A",1,"台","电子设备","2016-11-03",36,36,{"v":2200,"d":"2,200.00"},{"v":0,"d":"0.00"},{"v":2399,"d":"2,399.00"},{"v":0.121232876712329,"d":"12%"},{"v":290,"d":"290.00"},{"v":0.6,"d":"60%"},{"v":170,"d":"170.00"},null,null,"综合部",1,"闲置"]
["8","050030","分数盘","贵州产投高科新型建筑建材科技有限责任公司","不锈钢，0.3m*0.6m","不锈钢",5,"个","办公设备","2016-11-03",60,60,{"v":500,"d":"500.00"},{"v":0,"d":"0.00"},{"v":205,"d":"205.00"},{"v":0.121232876712329,"d":"12%"},{"v":20,"d":"20.00"},{"v":0.6,"d":"60%"},{"v":10,"d":"10.00"},null,null,"综合部",5,"闲置"]
["9","050031","餐具回收车","贵州产投高科新型建筑建材科技有限责任公司","不锈钢，3层，1m*0.6m","不锈钢",5,"个","办公设备","2016-11-03",60,60,{"v":600,"d":"600.00"},{"v":0,"d":"0.00"},{"v":178,"d":"178.00"},{"v":0.1,"d":"10%"},{"v":20,"d":"20.00"},{"v":0.6,"d":"60%"},{"v":10,"d":"10.00"},null,null,"综合部",1,"闲置，盘亏4个"]
["10","050032","筷子勺等","贵州产投高科新型建筑建材科技有限责任公司","不锈钢","不锈钢",70,"双","办公设备","2016-11-03",60,60,{"v":980,"d":"980.00"},{"v":0,"d":"0.00"},{"$nulls":7},"综合部",0,"盘亏"]
["11","050033","台式双头燃气灶","贵州产投高科新型建筑建材科技有限责任公司","液化气","液化气",1,"个","办公设备","2016-11-03",60,60,{"v":200,"d":"200.00"},{"v":0,"d":"0.00"},{"$nulls":7},"综合部",0,"盘亏"]
["12","040011","电饭煲","贵州产投高科新型建筑建材科技有限责任公司","质鼎牌10L","质鼎牌10L",2,"个","电子设备","2016-11-03",36,36,{"v":400,"d":"400.00"},{"v":0,"d":"0.00"},{"v":496,"d":"496.00"},{"v":0.121232876712329,"d":"12%"},{"$f":"ROUND(O17*P17,-1)","v":{"v":60,"d":"60.00"}},{"v":0.6,"d":"60%"},{"$f":"ROUND(Q17*R17,-1)","v":{"v":40,"d":"40.00"}},null,null,"综合部",2,"闲置"]
["13","050034","不锈钢工作台","贵州产投高科新型建筑建材科技有限责任公司","1800*600*800不锈钢","1800*600*800不锈钢",1,"个","办公设备","2016-11-03",60,60,{"v":1400,"d":"1,400.00"},{"v":0,"d":"0.00"},{"v":1200,"d":"1,200.00"},{"v":0.121232876712329,"d":"12%"},{"v":150,"d":"150.00"},{"v":0.6,"d":"60%"},{"v":90,"d":"90.00"},null,null,"综合部",1,"闲置"]
["14","050035","不锈钢工作台","贵州产投高科新型建筑建材科技有限责任公司","1900*600*800不锈钢","1900*600*800不锈钢",1,"个","办公设备","2016-11-03",60,60,{"v":2700,"d":"2,700.00"},{"v":0,"d":"0.00"},{"v":2200,"d":"2,200.00"},{"v":0.121232876712329,"d":"12%"},{"v":270,"d":"270.00"},{"v":0.6,"d":"60%"},{"v":160,"d":"160.00"},null,null,"综合部",1,"闲置"]
["15","040012","微波炉","贵州产投高科新型建筑建材科技有限责任公司","美的，M1-211A","美的",1,"个","电子设备","2016-11-03",36,36,{"v":400,"d":"400.00"},{"v":0,"d":"0.00"},{"v":358,"d":"358.00"},{"v":0.121232876712329,"d":"12%"},{"v":40,"d":"40.00"},{"v":0.6,"d":"60%"},{"v":20,"d":"20.00"},null,null,"综合部",1,"闲置"]
["16","040013","电磁炉","贵州产投高科新型建筑建材科技有限责任公司","美的，RTC30-280Q","美的",1,"个","电子设备","2016-11-03",36,36,{"v":300,"d":"300.00"},{"v":0,"d":"0.00"},{"$nulls":7},"综合部",1,"面板已坏"]
["17","050036","厨师用具","贵州产投高科新型建筑建材科技有限责任公司",null,null,1,"套","办公设备","2016-11-03",60,60,{"v":500,"d":"500.00"},{"v":0,"d":"0.00"},{"$nulls":7},"综合部",0,"盘亏"]
["18","050037","油烟机","贵州产投高科新型建筑建材科技有限责任公司","不锈钢，1.1m*1，2m","不锈钢",1,"台","办公设备","2016-11-03",60,60,{"v":1000,"d":"1,000.00"},{"v":0,"d":"0.00"},{"v":1109,"d":"1,109.00"},{"v":0.121232876712329,"d":"12%"},{"$f":"ROUND(O23*P23,-1)","v":{"v":130,"d":"130.00"}},{"v":0.6,"d":"60%"},{"$f":"ROUND(Q23*R23,-1)","v":{"v":80,"d":"80.00"}},null,null,"综合部",1,"闲置"]
["19","040014","考勤机","贵州产投高科新型建筑建材科技有限责任公司","F18","F18",1,"台","电子设备","2016-11-03",36,36,{"v":598,"d":"598.00"},{"v":0,"d":"0.00"},{"v":439,"d":"439.00"},{"v":0.121232876712329,"d":"12%"},{"v":50,"d":"50.00"},{"v":0.6,"d":"60%"},{"v":30,"d":"30.00"},null,null,"综合部",1,"闲置"]
["20","040036","硬盘录像机","贵州产投高科新型建筑建材科技有限责任公司","DS-7716NHK-K4","DS-7716NHK-K4",1,"台","电子设备","2016-11-22",36,36,{"v":1567.57,"d":"1,567.57"},{"v":0,"d":"0.00"},{"v":1300,"d":"1,300.00"},{"v":0.127739726027397,"d":"13%"},{"v":170,"d":"170.00"},{"v":0.6,"d":"60%"},{"v":100,"d":"100.00"},null,null,"墙板生产线",1,"闲置"]
["21","040037","监视器","贵州产投高科新型建筑建材科技有限责任公司","清华同方23吋","清华同方23吋",1,"台","电子设备","2016-11-22",36,36,918.92,{"v":0,"d":"0.00"},{"v":700,"d":"700.00"},{"v":0.1,"d":"10%"},{"v":70,"d":"70.00"},{"v":0.6,"d":"60%"},{"v":40,"d":"40.00"},null,null,"墙板生产线",1,"闲置"]
["22","040038","监控专用硬盘","贵州产投高科新型建筑建材科技有限责任公司","3T希捷","3T希捷",4,"台","电子设备","2016-11-22",36,36,{"v":2882.88,"d":"2,882.88"},{"v":0,"d":"0.00"},{"v":2400,"d":"2,400.00"},{"v":0.1,"d":"10%"},{"v":240,"d":"240.00"},{"v":0.6,"d":"60%"},{"v":140,"d":"140.00"},null,null,"墙板生产线",4,"闲置"]
["23","040039","枪机","贵州产投高科新型建筑建材科技有限责任公司","4mmDS-2CD2THK35D-I3","4mmDS-2CD2THK35D-I3",2,"个","电子设备","2016-11-22",36,36,756.76,{"v":0,"d":"0.00"},{"v":718,"d":"718.00"},{"v":0.127739726027397,"d":"13%"},{"v":90,"d":"90.00"},{"v":0.6,"d":"60%"},{"v":50,"d":"50.00"},null,null,"墙板生产线",2,"闲置"]
["24","040040","枪机","贵州产投高科新型建筑建材科技有限责任公司","DS-2CD2THK35D-I3","DS-2CD2THK35D-I3",1,"个","电子设备","2016-11-22",36,36,378.38,{"v":0,"d":"0.00"},{"v":359,"d":"359.00"},{"v":0.127739726027397,"d":"13%"},{"v":50,"d":"50.00"},{"v":0.6,"d":"60%"},{"v":30,"d":"30.00"},null,null,"墙板生产线",1,"闲置"]
["25","040041","枪机","贵州产投高科新型建筑建材科技有限责任公司","6mmDS-2CD2THK35D-I3","6mmDS-2CD2THK35D-I3",2,"个","电子设备","2016-11-22",36,36,756.76,{"v":0,"d":"0.00"},{"v":718,"d":"718.00"},{"v":0.127739726027397,"d":"13%"},{"v":90,"d":"90.00"},{"v":0.6,"d":"60%"},{"v":50,"d":"50.00"},null,null,"墙板生产线",2,"闲置"]
["26","040042","枪机","贵州产投高科新型建筑建材科技有限责任公司","12mmDS-2CD2THK35D-I3","12mmDS-2CD2THK35D-I3",6,"个","电子设备","2016-11-22",36,36,{"v":3027.03,"d":"3,027.03"},{"v":0,"d":"0.00"},{"v":2154,"d":"2,154.00"},{"v":0.127739726027397,"d":"13%"},{"v":280,"d":"280.00"},{"v":0.6,"d":"60%"},{"v":170,"d":"170.00"},null,null,"墙板生产线",6,"闲置"]
["27","040043","球机","贵州产投高科新型建筑建材科技有限责任公司","DS-2DE7320HKIW-A300万像素，吊顶安装高12米","DS-2DE7320HKIW-A300万像素，吊顶安装高12米",1,"个","电子设备","2016-11-22",36,36,{"v":2522.52,"d":"2,522.52"},{"v":0,"d":"0.00"},{"v":450,"d":"450.00"},null,{"v":450,"d":"450.00"},{"v":0.6,"d":"60%"},{"v":270,"d":"270.00"},null,null,"墙板生产线",1,"闲置"]
["28","040044","枪机电源适配器","贵州产投高科新型建筑建材科技有限责任公司","DC12V室内型","DC12V室内型",8,"个","电子设备","2016-11-22",36,36,216.22,{"v":0,"d":"0.00"},{"v":96,"d":"96.00"},{"v":0.127739726027397,"d":"13%"},{"$f":"ROUND(O33*P33,-1)","v":{"v":10,"d":"10.00"}},{"v":0.6,"d":"60%"},{"v":10,"d":"10.00"},null,null,"墙板生产线",8,"闲置"]
["29","040045","枪机电源适配器","贵州产投高科新型建筑建材科技有限责任公司","DC12V室外型","DC12V室外型",4,"个","电子设备","2016-11-22",36,36,108.11,{"v":0,"d":"0.00"},{"v":48,"d":"48.00"},{"v":0.127739726027397,"d":"13%"},{"v":10,"d":"10.00"},{"v":0.6,"d":"60%"},{"v":10,"d":"10.00"},null,null,"墙板生产线",4,"闲置"]
["30","040046","枪机支架","贵州产投高科新型建筑建材科技有限责任公司","DS-1292ZJ（金属）长臂","DS-1292ZJ（金属）长臂",9,"个","电子设备","2016-11-22",36,36,243.24,{"v":0,"d":"0.00"},{"v":387,"d":"387.00"},{"v":0.127739726027397,"d":"13%"},{"v":50,"d":"50.00"},{"v":0.6,"d":"60%"},{"v":30,"d":"30.00"},null,null,"墙板生产线",9,"闲置"]
["31","040047","枪机支架","贵州产投高科新型建筑建材科技有限责任公司","抱箍式","抱箍式",2,"个","电子设备","2016-11-22",36,36,90.09,{"v":0,"d":"0.00"},{"v":86,"d":"86.00"},{"v":0.127739726027397,"d":"13%"},{"v":10,"d":"10.00"},{"v":0.6,"d":"60%"},{"v":10,"d":"10.00"},null,null,"墙板生产线",2,"闲置"]
["32","040048","球机支架","贵州产投高科新型建筑建材科技有限责任公司","DS-1662ZJ吊顶式","DS-1662ZJ吊顶式",1,"个","电子设备","2016-11-22",36,36,90.09,{"v":0,"d":"0.00"},{"v":43,"d":"43.00"},{"v":0.127739726027397,"d":"13%"},{"v":10,"d":"10.00"},{"v":0.6,"d":"60%"},{"v":10,"d":"10.00"},null,null,"墙板生产线",1,"闲置"]
["33","040049","多用插座","贵州产投高科新型建筑建材科技有限责任公司","3*4公牛12孔","3*4公牛12孔",3,"个","电子设备","2016-11-22",36,36,162.16,{"v":0,"d":"0.00"},{"v":120,"d":"120.00"},{"v":0.127739726027397,"d":"13%"},{"v":20,"d":"20.00"},{"v":0.6,"d":"60%"},{"v":10,"d":"10.00"},null,null,"墙板生产线",3,"闲置"]
["34","040050","多用插座","贵州产投高科新型建筑建材科技有限责任公司","3*6公牛18孔","3*6公牛18孔",1,"个","电子设备","2016-11-22",36,36,63.06,{"v":0,"d":"0.00"},{"v":50,"d":"50.00"},{"v":0.127739726027397,"d":"13%"},{"v":10,"d":"10.00"},{"v":0.6,"d":"60%"},{"v":10,"d":"10.00"},null,null,"墙板生产线",1,"闲置"]
["35","040051","收发器","贵州产投高科新型建筑建材科技有限责任公司","单芯ST-SC100M","单芯ST-SC100M",6,"个","电子设备","2016-11-22",36,36,{"v":2594.59,"d":"2,594.59"},{"v":0,"d":"0.00"},{"v":2352,"d":"2,352.00"},{"v":0.127739726027397,"d":"13%"},{"v":300,"d":"300.00"},{"v":0.6,"d":"60%"},{"v":180,"d":"180.00"},null,null,"墙板生产线",6,"闲置"]
["36","040052","终端盒","贵州产投高科新型建筑建材科技有限责任公司","4口","4口",1,"个","电子设备","2016-11-22",36,36,156.76,{"v":0,"d":"0.00"},{"v":33,"d":"33.00"},{"v":0.127739726027397,"d":"13%"},{"$f":"ROUND(O41*P41,0)","v":{"v":4,"d":"4.00"}},{"v":0.6,"d":"60%"},{"$f":"ROUND(Q41*R41,0)","v":{"v":2,"d":"2.00"}},null,null,"墙板生产线",1,"闲置"]
["37","040053","终端盒","贵州产投高科新型建筑建材科技有限责任公司","8口几家式","8口几家式",1,"个","电子设备","2016-11-22",36,36,52.25,{"v":0,"d":"0.00"},{"v":66,"d":"66.00"},{"v":0.127739726027397,"d":"13%"},{"$f":"ROUND(O42*P42,-1)","v":{"v":10,"d":"10.00"}},{"v":0.6,"d":"60%"},{"v":10,"d":"10.00"},null,null,"墙板生产线",1,"闲置"]
["38","040054","网络墙柜","贵州产投高科新型建筑建材科技有限责任公司","6U","6U",3,"个","电子设备","2016-11-22",36,36,486.49,{"v":0,"d":"0.00"},{"v":300,"d":"300.00"},{"v":0.127739726027397,"d":"13%"},{"v":40,"d":"40.00"},{"v":0.6,"d":"60%"},{"v":20,"d":"20.00"},null,null,"墙板生产线",2,"闲置，1个盘亏"]
["39","040055","交换机","贵州产投高科新型建筑建材科技有限责任公司","4口TPLTNK","4口TPLTNK",2,"个","电子设备","2016-11-22",36,36,126.13,{"v":0,"d":"0.00"},{"v":138,"d":"138.00"},{"v":0.127739726027397,"d":"13%"},{"v":20,"d":"20.00"},{"v":0.6,"d":"60%"},{"v":10,"d":"10.00"},null,null,"墙板生产线",2,"闲置"]
["40","040056","交换机","贵州产投高科新型建筑建材科技有限责任公司","8口TPLINK","8口TPLINK",1,"个","电子设备","2016-11-22",36,36,{"v":99.1,"d":"99.10"},{"v":0,"d":"0.00"},{"v":120,"d":"120.00"},{"v":0.127739726027397,"d":"13%"},{"v":20,"d":"20.00"},{"v":0.6,"d":"60%"},{"v":10,"d":"10.00"},null,null,"墙板生产线",1,"闲置"]
["41","040057","交换机","贵州产投高科新型建筑建材科技有限责任公司","16口TPLINK","16口TPLINK",1,"个","电子设备","2016-11-22",36,36,360.36,{"v":0,"d":"0.00"},{"v":300,"d":"300.00"},{"v":0.127739726027397,"d":"13%"},{"v":40,"d":"40.00"},{"v":0.6,"d":"60%"},{"v":20,"d":"20.00"},null,null,"墙板生产线",1,"闲置"]
["42","040058","监控施工费","贵州产投高科新型建筑建材科技有限责任公司",null,null,1,"项","电子设备","2016-11-22",36,36,{"v":21980.17,"d":"21,980.17"},{"v":0,"d":"0.00"},{"$nulls":7},"墙板生产线"]
["43","040059","柜式空调","贵州产投高科新型建筑建材科技有限责任公司","两匹，76LW/E1(76568L)A1-N1","两匹",1,"台","电子设备","2016-11-22",36,36,{"v":5000,"d":"5,000.00"},{"v":0,"d":"0.00"},{"v":5399,"d":"5,399.00"},{"v":0.127739726027397,"d":"13%"},{"$f":"ROUND(O48*P48,-1)","v":{"v":690,"d":"690.00"}},{"v":0.6,"d":"60%"},{"$f":"ROUND(Q48*R48,-1)","v":{"v":410,"d":"410.00"}},null,null,"生产部管理人员",1,"闲置"]
["44","040060","柜式空调","贵州产投高科新型建筑建材科技有限责任公司","三匹,72LW/72591NhAa-3","三匹",1,"台","电子设备","2016-11-22",36,36,{"v":5500,"d":"5,500.00"},{"v":0,"d":"0.00"},{"v":5399,"d":"5,399.00"},{"v":0.127739726027397,"d":"13%"},{"v":690,"d":"690.00"},{"v":0.6,"d":"60%"},{"v":410,"d":"410.00"},null,null,"综合部",1,"闲置"]
["45","040062","柜式空调","贵州产投高科新型建筑建材科技有限责任公司","格力两匹,KFR-50LW(50568)FNCg-3","格力两匹",1,"台","电子设备","2016-11-22",36,36,{"v":5000,"d":"5,000.00"},{"v":0,"d":"0.00"},{"v":4699,"d":"4,699.00"},{"v":0.127739726027397,"d":"13%"},{"v":600,"d":"600.00"},{"v":0.6,"d":"60%"},{"v":360,"d":"360.00"},null,null,"综合部",1,"闲置"]
["46","040063","格力空调","贵州产投高科新型建筑建材科技有限责任公司","三匹,72LW/72591NhAa-3","3匹",1,"台","电子设备","2016-12-05",36,36,{"v":5500,"d":"5,500.00"},{"v":0,"d":"0.00"},{"v":5399,"d":"5,399.00"},{"v":0.132191780821918,"d":"13%"},{"v":710,"d":"710.00"},{"v":0.6,"d":"60%"},{"v":430,"d":"430.00"},null,null,"财务部",1,"闲置"]
["47","040064","格力空调","贵州产投高科新型建筑建材科技有限责任公司","2匹,KFR-50LW/50591NHAa-3","2匹",1,"台","电子设备","2016-12-05",36,36,{"v":5000,"d":"5,000.00"},{"v":0,"d":"0.00"},{"v":4699,"d":"4,699.00"},{"v":0.132191780821918,"d":"13%"},{"v":620,"d":"620.00"},{"v":0.6,"d":"60%"},{"v":370,"d":"370.00"},null,null,"综合部",1,"闲置"]
["48","050041","铁皮文件柜","贵州产投高科新型建筑建材科技有限责任公司","加厚","加厚",1,"个","办公设备","2016-12-08",60,60,{"v":560,"d":"560.00"},{"v":0,"d":"0.00"},{"v":200,"d":"200.00"},null,{"v":200,"d":"200.00"},{"v":0.6,"d":"60%"},{"v":120,"d":"120.00"},null,null,"财务部",1,"闲置"]
["49","050042","班椅","贵州产投高科新型建筑建材科技有限责任公司","标准","标准",1,"把","办公设备","2016-12-08",60,60,{"v":650,"d":"650.00"},{"v":0,"d":"0.00"},{"v":150,"d":"150.00"},null,{"v":150,"d":"150.00"},{"v":0.6,"d":"60%"},{"v":90,"d":"90.00"},null,null,"销售部",1,"闲置"]
["50","050043","铁皮文件柜","贵州产投高科新型建筑建材科技有限责任公司","加厚","加厚",1,"个","办公设备","2016-12-08",60,60,{"v":560,"d":"560.00"},{"v":0,"d":"0.00"},{"v":200,"d":"200.00"},null,{"v":200,"d":"200.00"},{"v":0.6,"d":"60%"},{"v":120,"d":"120.00"},null,null,"销售部",1,"闲置"]
["51","040066","服务器","贵州产投高科新型建筑建材科技有限责任公司","戴尔","戴尔",1,"台","电子设备","2016-12-08",36,36,{"v":18147.01,"d":"18,147.01"},{"v":0,"d":"0.00"},{"v":200,"d":"200.00"},null,{"v":200,"d":"200.00"},{"v":0.6,"d":"60%"},{"v":120,"d":"120.00"},null,null,"墙板生产线",1,"闲置"]
["52","040067","无线路由器","贵州产投高科新型建筑建材科技有限责任公司","450mTP-LINK","450mTP-LINK",3,"个","电子设备","2016-12-08",36,36,356.41,{"v":0,"d":"0.00"},{"v":312,"d":"312.00"},{"v":0.133219178082192,"d":"13%"},{"$f":"ROUND(O57*P57,-1)","v":{"v":40,"d":"40.00"}},{"v":0.6,"d":"60%"},{"v":20,"d":"20.00"},null,null,"墙板生产线",3,"闲置"]
["53","040068","多WAN口有线路由器","贵州产投高科新型建筑建材科技有限责任公司","TL-R4239G多口TP-LINK","TL-R4239G多口TP-LINK",1,"个","电子设备","2016-12-08",36,36,929.06,{"v":0,"d":"0.00"},{"v":829,"d":"829.00"},{"v":0.133219178082192,"d":"13%"},{"v":110,"d":"110.00"},{"v":0.6,"d":"60%"},{"v":70,"d":"70.00"},null,null,"墙板生产线",1,"闲置"]
["54","040069","企业级千兆行为管理器","贵州产投高科新型建筑建材科技有限责任公司","ER5200G2华三","ER5200G2华三",1,"个","电子设备","2016-12-08",36,36,{"v":3202.56,"d":"3,202.56"},{"v":0,"d":"0.00"},{"v":2099,"d":"2,099.00"},{"v":0.133219178082192,"d":"13%"},{"v":280,"d":"280.00"},{"v":0.6,"d":"60%"},{"v":170,"d":"170.00"},null,null,"墙板生产线",1,"闲置"]
["55","040070","24口全千兆交换机","贵州产投高科新型建筑建材科技有限责任公司","TL-SG1024DTTO-LINK","TL-SG1024DTTO-LINK",1,"个","电子设备","2016-12-08",36,36,770.94,{"v":0,"d":"0.00"},{"v":439,"d":"439.00"},{"v":0.133219178082192,"d":"13%"},{"v":60,"d":"60.00"},{"v":0.6,"d":"60%"},{"v":40,"d":"40.00"},null,null,"墙板生产线",1,"闲置"]
["56","040071","16口全千兆交换机","贵州产投高科新型建筑建材科技有限责任公司","SG1016DTTP-LINK","SG1016DTTP-LINK",3,"个","电子设备","2016-12-08",36,36,{"v":1897.44,"d":"1,897.44"},{"v":0,"d":"0.00"},{"v":1347,"d":"1,347.00"},{"v":0.133219178082192,"d":"13%"},{"v":180,"d":"180.00"},{"v":0.6,"d":"60%"},{"v":110,"d":"110.00"},null,null,"墙板生产线",3,"闲置"]
["57","040073","UPS","贵州产投高科新型建筑建材科技有限责任公司","2500VA金武士","2500VA金武士",1,"台","电子设备","2016-12-08",36,36,{"v":3538.46,"d":"3,538.46"},{"v":0,"d":"0.00"},{"v":3600,"d":"3,600.00"},{"v":0.133219178082192,"d":"13%"},{"v":480,"d":"480.00"},{"v":0.6,"d":"60%"},{"v":290,"d":"290.00"},null,null,"墙板生产线",1,"闲置"]
["58","040074","机柜","贵州产投高科新型建筑建材科技有限责任公司","1200mm*600mm*1000mm","1200mm*600mm*1000mm",1,"个","电子设备","2016-12-08",36,36,{"v":1552.99,"d":"1,552.99"},{"v":0,"d":"0.00"},{"$nulls":7},"墙板生产线",0,"盘亏"]
["59","040077","笔记本电脑","贵州产投高科新型建筑建材科技有限责任公司","联想b51-80","联想b51-80",2,"台","电子设备","2016-12-08",36,36,{"v":7873.5,"d":"7,873.50"},{"v":0,"d":"0.00"},{"v":10198,"d":"10,198.00"},{"v":0.133219178082192,"d":"13%"},{"$f":"ROUND(O64*P64,-1)","v":{"v":1360,"d":"1,360.00"}},{"v":0.6,"d":"60%"},{"$f":"ROUND(Q64*R64,-1)","v":{"v":820,"d":"820.00"}},null,null,"销售部",2,"闲置"]
["60","040078","笔记本电脑","贵州产投高科新型建筑建材科技有限责任公司","微软surface pro4","微软surface pro4",1,"台","电子设备","2016-12-08",36,36,{"v":6505.13,"d":"6,505.13"},{"v":0,"d":"0.00"},{"$nulls":7},"销售部",0,"盘亏"]
["61","040080","激光打印机","贵州产投高科新型建筑建材科技有限责任公司","东芝，DP3004、DP3003","东芝",1,"台","电子设备","2016-12-09",36,36,{"v":1847.86,"d":"1,847.86"},{"v":0,"d":"0.00"},{"v":3182,"d":"3,182.00"},{"v":0.133561643835616,"d":"13%"},{"$f":"ROUND(O66*P66,-1)","v":{"v":420,"d":"420.00"}},{"v":0.6,"d":"60%"},{"v":250,"d":"250.00"},null,null,"财务部",2,"闲置，盘盈1个"]
["62","040081","UPS","贵州产投高科新型建筑建材科技有限责任公司","2000VA金武士","2000VA金武士",2,"台","电子设备","2016-12-09",36,36,747.01,{"v":0,"d":"0.00"},{"$nulls":7},"财务部",0,"盘亏"]
["63","040082","电脑","贵州产投高科新型建筑建材科技有限责任公司","正版WIN7","正版WIN7",2,"台","电子设备","2016-12-09",36,36,{"v":9328.21,"d":"9,328.21"},{"v":0,"d":"0.00"},{"v":500,"d":"500.00"},null,{"v":500,"d":"500.00"},{"v":0.6,"d":"60%"},{"v":300,"d":"300.00"},null,null,"财务部",1,"闲置"]
["64","040083","传真机","贵州产投高科新型建筑建材科技有限责任公司","飞利浦","飞利浦",1,"台","电子设备","2016-12-09",36,36,859.83,{"v":0,"d":"0.00"},{"$nulls":7},"综合部",0,"盘亏"]
["65","040084","激光复合机-A3","贵州产投高科新型建筑建材科技有限责任公司","2802AM东芝","2802AM东芝",1,"台","电子设备","2016-12-09",36,36,{"v":5605.13,"d":"5,605.13"},{"v":0,"d":"0.00"},{"$nulls":7},"综合部",0,"盘亏"]
["66","040085","彩色激光打印机","贵州产投高科新型建筑建材科技有限责任公司","Laser Jet ProCP1025nm惠普","Laser Jet ProCP1025nm惠普",1,"台","电子设备","2016-12-09",36,36,{"v":1957.26,"d":"1,957.26"},{"v":0,"d":"0.00"},{"v":100,"d":"100.00"},null,{"v":100,"d":"100.00"},{"v":0.6,"d":"60%"},{"$f":"ROUND(Q71*R71,-1)","v":{"v":60,"d":"60.00"}},null,null,"综合部",1,"已坏"]
["67","040086","碎纸机","贵州产投高科新型建筑建材科技有限责任公司","33040得力","33040得力",2,"台","电子设备","2016-12-09",36,36,{"v":1068.38,"d":"1,068.38"},{"v":0,"d":"0.00"},{"v":818,"d":"818.00"},{"v":0.133561643835616,"d":"13%"},{"$f":"ROUND(O72*P72,-1)","v":{"v":110,"d":"110.00"}},{"v":0.6,"d":"60%"},{"v":70,"d":"70.00"},null,null,"综合部",2,"闲置"]
["68","040087","针式打印机","贵州产投高科新型建筑建材科技有限责任公司","lQ-730KII爱普生","lQ-730KII爱普生",1,"台","电子设备","2016-12-09",36,36,{"v":2053.85,"d":"2,053.85"},{"v":0,"d":"0.00"},{"v":3398,"d":"3,398.00"},{"v":0.133561643835616,"d":"13%"},{"v":450,"d":"450.00"},{"v":0.6,"d":"60%"},{"v":270,"d":"270.00"},null,null,"综合部",2,"闲置，盘盈1个"]
["69","040090","办公电脑","贵州产投高科新型建筑建材科技有限责任公司","WIN7","WIN7",1,"台","电子设备","2016-12-14",36,36,{"v":4077.67,"d":"4,077.67"},{"v":0,"d":"0.00"},{"v":500,"d":"500.00"},null,{"v":500,"d":"500.00"},{"v":0.6,"d":"60%"},{"v":300,"d":"300.00"},null,null,"综合部",1,"闲置"]
["70","050044","屏风办公桌","贵州产投高科新型建筑建材科技有限责任公司","1200*600","1200*600",14,"张","办公设备","2016-12-14",60,60,{"v":12600,"d":"12,600.00"},{"v":0,"d":"0.00"},{"v":11032,"d":"11,032.00"},{"v":0.13527397260274,"d":"14%"},{"v":1490,"d":"1,490.00"},{"v":0.6,"d":"60%"},{"v":890,"d":"890.00"},null,null,"生产部管理人员",14,"闲置"]
["71","050045","办公椅","贵州产投高科新型建筑建材科技有限责任公司",null,null,13,"把","办公设备","2016-12-14",60,60,{"v":3900,"d":"3,900.00"},{"v":0,"d":"0.00"},{"v":3367,"d":"3,367.00"},{"v":0.13527397260274,"d":"14%"},{"v":460,"d":"460.00"},{"v":0.6,"d":"60%"},{"v":280,"d":"280.00"},null,null,"生产部管理人员",13,"闲置"]
["72","050046","办公椅","贵州产投高科新型建筑建材科技有限责任公司",null,null,1,"把","办公设备","2016-12-14",60,60,{"v":300,"d":"300.00"},{"v":0,"d":"0.00"},{"v":259,"d":"259.00"},{"v":0.13527397260274,"d":"14%"},{"v":40,"d":"40.00"},{"v":0.6,"d":"60%"},{"v":20,"d":"20.00"},null,null,"销售部",1,"闲置"]
["73","050047","铁皮文件柜","贵州产投高科新型建筑建材科技有限责任公司","860+400*1850","860+400*1850",4,"个","办公设备","2016-12-14",60,60,{"v":2240,"d":"2,240.00"},{"v":0,"d":"0.00"},{"v":1276,"d":"1,276.00"},{"v":0.13527397260274,"d":"14%"},{"v":170,"d":"170.00"},{"v":0.6,"d":"60%"},{"v":100,"d":"100.00"},null,null,"生产部管理人员",4,"闲置"]
["74","050048","铁皮文件柜","贵州产投高科新型建筑建材科技有限责任公司","860*400*1850","860*400*1850",2,"个","办公设备","2016-12-14",60,60,{"v":1120,"d":"1,120.00"},{"v":0,"d":"0.00"},{"v":638,"d":"638.00"},{"v":0.13527397260274,"d":"14%"},{"v":90,"d":"90.00"},{"v":0.6,"d":"60%"},{"v":50,"d":"50.00"},null,null,"综合部",2,"闲置"]
["75","050049","铁皮文件柜","贵州产投高科新型建筑建材科技有限责任公司","860*400*1850","860*400*1850",3,"个","办公设备","2016-12-14",60,60,{"v":1680,"d":"1,680.00"},{"v":0,"d":"0.00"},{"v":957,"d":"957.00"},{"v":0.13527397260274,"d":"14%"},{"v":130,"d":"130.00"},{"v":0.6,"d":"60%"},{"v":80,"d":"80.00"},null,null,"综合部",3,"闲置"]
["76","050050","铁皮文件柜","贵州产投高科新型建筑建材科技有限责任公司","860*400*1850","860*400*185",1,"个","办公设备","2016-12-14",60,60,{"v":560,"d":"560.00"},{"v":0,"d":"0.00"},{"v":319,"d":"319.00"},{"v":0.13527397260274,"d":"14%"},{"v":40,"d":"40.00"},{"v":0.6,"d":"60%"},{"v":20,"d":"20.00"},null,null,"综合部",1,"闲置"]
["77","050051","四门更衣柜","贵州产投高科新型建筑建材科技有限责任公司","880*420*1900，木质","880*420*1900",2,"个","办公设备","2016-12-14",60,60,{"v":1120,"d":"1,120.00"},{"v":0,"d":"0.00"},{"v":319,"d":"319.00"},{"v":0.13527397260274,"d":"14%"},{"v":40,"d":"40.00"},{"v":0.6,"d":"60%"},{"v":20,"d":"20.00"},null,null,"综合部",1,"闲置"]
["78","050052","四门更衣柜","贵州产投高科新型建筑建材科技有限责任公司","880*420*1900，铁皮","880*420*1900",2,"个","办公设备","2016-12-14",60,60,{"v":1120,"d":"1,120.00"},{"v":0,"d":"0.00"},{"v":638,"d":"638.00"},{"v":0.13527397260274,"d":"14%"},{"v":90,"d":"90.00"},{"v":0.6,"d":"60%"},{"v":50,"d":"50.00"},null,null,"综合部",2,"闲置"]
["79","050053","高低床","贵州产投高科新型建筑建材科技有限责任公司","2000*900*2000，铁床上下铺","2000*900*2000",2,"张","办公设备","2016-12-14",60,60,{"v":900,"d":"900.00"},{"v":0,"d":"0.00"},{"v":900,"d":"900.00"},{"v":0.13527397260274,"d":"14%"},{"v":120,"d":"120.00"},{"v":0.6,"d":"60%"},{"v":70,"d":"70.00"},null,null,"综合部",2,"闲置"]
["80","050054","高低床","贵州产投高科新型建筑建材科技有限责任公司","2000*900*2000，铁床上下铺","2000*900*2000",1,"张","办公设备","2016-12-14",60,60,{"v":450,"d":"450.00"},{"v":0,"d":"0.00"},{"v":450,"d":"450.00"},{"v":0.13527397260274,"d":"14%"},{"v":60,"d":"60.00"},{"v":0.6,"d":"60%"},{"v":40,"d":"40.00"},null,null,"综合部",1,"闲置"]
["81","050055","高低床","贵州产投高科新型建筑建材科技有限责任公司","2000*900*2000，铁床上下铺","2000*900*2000",3,"张","办公设备","2016-12-14",60,60,{"v":1350,"d":"1,350.00"},{"v":0,"d":"0.00"},{"v":1350,"d":"1,350.00"},{"v":0.13527397260274,"d":"14%"},{"v":180,"d":"180.00"},{"v":0.6,"d":"60%"},{"v":110,"d":"110.00"},null,null,"综合部",3,"闲置"]
["82","050056","床垫","贵州产投高科新型建筑建材科技有限责任公司","1950*880*50","1950*880*50",5,"张","办公设备","2016-12-14",60,60,{"v":1400,"d":"1,400.00"},{"v":0,"d":"0.00"},{"v":790,"d":"790.00"},{"v":0.13527397260274,"d":"14%"},{"v":110,"d":"110.00"},{"v":0.6,"d":"60%"},{"v":70,"d":"70.00"},null,null,"综合部",5,"闲置"]
["83","050057","床垫","贵州产投高科新型建筑建材科技有限责任公司","1950*880*50","1950*880*50",6,"张","办公设备","2016-12-14",60,60,{"v":1680,"d":"1,680.00"},{"v":0,"d":"0.00"},{"$nulls":7},"综合部",0,"盘亏"]
["84","050058","床垫","贵州产投高科新型建筑建材科技有限责任公司","1950*880*50","1950*880*50",1,"张","办公设备","2016-12-14",60,60,{"v":280,"d":"280.00"},{"v":0,"d":"0.00"},{"v":158,"d":"158.00"},{"v":0.13527397260274,"d":"14%"},{"$f":"ROUND(O89*P89,-1)","v":{"v":20,"d":"20.00"}},{"v":0.6,"d":"60%"},{"$f":"ROUND(Q89*R89,-1)","v":{"v":10,"d":"10.00"}},null,null,"综合部",1,"闲置"]
["85","050060","封卫生间窗","贵州产投高科新型建筑建材科技有限责任公司","现场制作","现场制作",4,null,"办公设备","2016-12-14",60,60,{"v":500,"d":"500.00"},{"v":0,"d":"0.00"},{"$nulls":7},"综合部",0,"盘亏"]
["86","050061","边台","贵州产投高科新型建筑建材科技有限责任公司","1800*750*800","1800*750*800",4,"个","办公设备","2016-12-14",60,60,{"v":4100,"d":"4,100.00"},{"v":0,"d":"0.00"},{"$nulls":7},"生产部管理人员",0,"盘亏"]
["87","050062","边台","贵州产投高科新型建筑建材科技有限责任公司","3600*750*800","3600*750*800",1,"个","办公设备","2016-12-14",60,60,{"v":8200,"d":"8,200.00"},{"v":0,"d":"0.00"},{"$nulls":7},"生产部管理人员",0,"盘亏"]
["88","050063","转角台","贵州产投高科新型建筑建材科技有限责任公司","1250*750*800","1250*750*800",3,"个","办公设备","2016-12-14",60,60,{"v":2850,"d":"2,850.00"},{"v":0,"d":"0.00"},{"$nulls":7},"生产部管理人员",0,"盘亏"]
["89","050064","边台","贵州产投高科新型建筑建材科技有限责任公司","1200*750*800","1200*750*800",2,"个","办公设备","2016-12-14",60,60,{"v":2730,"d":"2,730.00"},{"v":0,"d":"0.00"},{"$nulls":7},"生产部管理人员",0,"盘亏"]
["90","050065","边台","贵州产投高科新型建筑建材科技有限责任公司","1500*750*800","1500*750*800",1,"个","办公设备","2016-12-14",60,60,{"v":3420,"d":"3,420.00"},{"v":0,"d":"0.00"},{"$nulls":7},"生产部管理人员",0,"盘亏"]
["91","050067","办公桌椅","贵州产投高科新型建筑建材科技有限责任公司","1桌+1椅","1桌+1椅",2,"张","办公设备","2016-12-20",60,60,{"v":960,"d":"960.00"},{"v":0,"d":"0.00"},{"v":916,"d":"916.00"},{"v":0.137328767123288,"d":"14%"},{"$f":"ROUND(O96*P96,-1)","v":{"v":130,"d":"130.00"}},{"v":0.6,"d":"60%"},{"$f":"ROUND(Q96*R96,-1)","v":{"v":80,"d":"80.00"}},null,null,"墙板生产线",2,"闲置"]
["92","050068","折叠椅","贵州产投高科新型建筑建材科技有限责任公司","正常尺寸","正常尺寸",4,"把","办公设备","2016-12-20",60,60,{"v":380,"d":"380.00"},{"v":0,"d":"0.00"},{"v":190,"d":"190.00"},{"v":0.137328767123288,"d":"14%"},{"v":30,"d":"30.00"},{"v":0.6,"d":"60%"},{"v":20,"d":"20.00"},null,null,"墙板生产线",2,"闲置，盘亏2把"]
["93","050069","办公椅","贵州产投高科新型建筑建材科技有限责任公司","常规","常规",1,"把","办公设备","2016-12-20",60,60,{"v":680,"d":"680.00"},{"v":0,"d":"0.00"},{"v":259,"d":"259.00"},{"v":0.137328767123288,"d":"14%"},{"v":40,"d":"40.00"},{"v":0.6,"d":"60%"},{"v":20,"d":"20.00"},null,null,"生产部管理人员",1,"闲置"]
["94","050070","监控室隔断","贵州产投高科新型建筑建材科技有限责任公司","202*375*210，玻璃+铝合金","202*375*210",1,"个","办公设备","2016-12-20",60,60,{"v":4000,"d":"4,000.00"},{"v":0,"d":"0.00"},{"v":2121,"d":"2,121.00"},{"v":0.137328767123288,"d":"14%"},{"v":290,"d":"290.00"},{"v":0.6,"d":"60%"},{"v":170,"d":"170.00"},null,null,"综合部",1,"闲置"]
["95","050071","柜台式隔断","贵州产投高科新型建筑建材科技有限责任公司","244*42*105  140*42*105","244*42*105  140*42*105",1,"个","办公设备","2016-12-20",60,60,{"v":3600,"d":"3,600.00"},{"v":0,"d":"0.00"},{"v":2800,"d":"2,800.00"},{"v":0.137328767123288,"d":"14%"},{"v":380,"d":"380.00"},{"v":0.6,"d":"60%"},{"v":230,"d":"230.00"},null,null,"财务部",1,"闲置"]
["96","050072","仓库货架","贵州产投高科新型建筑建材科技有限责任公司","组装型，4层钢架，2m*2m*0.8m","组装型",8,"个","办公设备","2016-12-29",60,60,{"v":6495.73,"d":"6,495.73"},{"v":0,"d":"0.00"},{"v":6360,"d":"6,360.00"},{"v":0.14041095890411,"d":"14%"},{"v":890,"d":"890.00"},{"v":0.6,"d":"60%"},{"v":530,"d":"530.00"},null,null,"综合部",8,"闲置"]
["97","050073","仓库货架","贵州产投高科新型建筑建材科技有限责任公司","组装型，4层钢架，2m*2m*0.8m","组装型",1,"个","办公设备","2016-12-29",60,60,811.97,{"v":0,"d":"0.00"},{"v":795,"d":"795.00"},{"v":0.14041095890411,"d":"14%"},{"v":110,"d":"110.00"},{"v":0.6,"d":"60%"},{"v":70,"d":"70.00"},null,null,"综合部",1,"闲置"]
["98","040095","墙暖","贵州产投高科新型建筑建材科技有限责任公司","500W","500W",5,"个","电子设备","2017-02-17",36,36,{"v":2038.85,"d":"2,038.85"},{"v":0,"d":"0.00"},{"v":1196,"d":"1,196.00"},{"v":0.326027397260274,"d":"33%"},{"v":390,"d":"390.00"},{"v":0.6,"d":"60%"},{"v":230,"d":"230.00"},null,null,"销售部",4,"闲置，1个盘亏"]
["99","040096","墙暖","贵州产投高科新型建筑建材科技有限责任公司","500W","500W",3,"个","电子设备","2017-02-17",36,36,{"v":1223.31,"d":"1,223.31"},{"v":0,"d":"0.00"},{"$nulls":7},"墙板生产线",0,"盘亏"]
["100","040097","电暖气","贵州产投高科新型建筑建材科技有限责任公司","NLT-2000W","NLT-2000W",3,"个","电子设备","2017-02-17",36,36,{"v":4368.91,"d":"4,368.91"},{"v":0,"d":"0.00"},{"$nulls":7},"综合部",0,"盘亏"]
["101","040098","理光2011打印机","贵州产投高科新型建筑建材科技有限责任公司","理光2011","理光2011",1,"台","电子设备","2017-04-03",36,36,{"v":11880.34,"d":"11,880.34"},{"v":0,"d":"0.00"},{"v":12098,"d":"12,098.00"},{"v":0.172945205479452,"d":"17%"},{"$f":"ROUND(O106*P106,-1)","v":{"v":2090,"d":"2,090.00"}},{"v":0.6,"d":"60%"},{"$f":"ROUND(Q106*R106,-1)","v":{"v":1250,"d":"1,250.00"}},null,null,"综合部",1,"闲置"]
["102","040099","打印机机柜","贵州产投高科新型建筑建材科技有限责任公司","加厚","加厚",1,"个","电子设备","2017-04-03",36,36,410.26,{"v":0,"d":"0.00"},{"$nulls":7},"综合部",0,"盘亏"]
["103","050084","铁皮文件柜","贵州产投高科新型建筑建材科技有限责任公司","加厚","加厚",1,"个","办公设备","2017-04-03",60,60,384.62,{"v":0,"d":"0.00"},{"v":319,"d":"319.00"},{"v":0.172945205479452,"d":"17%"},{"v":60,"d":"60.00"},{"v":0.6,"d":"60%"},{"v":40,"d":"40.00"},null,null,"综合部",1,"闲置"]
["104","050085","茶水柜","贵州产投高科新型建筑建材科技有限责任公司","0.8*0.4*0.8，木",null,1,"个","办公设备","2017-04-13",60,60,{"v":850,"d":"850.00"},{"v":0,"d":"0.00"},{"v":1410,"d":"1,410.00"},{"v":0.176369863013699,"d":"18%"},{"v":250,"d":"250.00"},{"v":0.6,"d":"60%"},{"v":150,"d":"150.00"},null,null,"销售部",3,"闲置,2个盘盈"]
["105","050086","取暖茶几","贵州产投高科新型建筑建材科技有限责任公司","富炬  FJ-CG25FY",null,1,"个","办公设备","2017-04-13",60,60,{"v":3280,"d":"3,280.00"},{"v":0,"d":"0.00"},{"v":2599,"d":"2,599.00"},{"v":0.176369863013699,"d":"18%"},{"v":460,"d":"460.00"},{"v":0.6,"d":"60%"},{"v":280,"d":"280.00"},null,null,"销售部",1,"闲置"]
["106","050087","办公沙发","贵州产投高科新型建筑建材科技有限责任公司","1+1+3，皮面","1+1+3",1,"个","办公设备","2017-04-13",60,60,{"v":2200,"d":"2,200.00"},{"v":0,"d":"0.00"},{"v":2188,"d":"2,188.00"},{"v":0.176369863013699,"d":"18%"},{"v":390,"d":"390.00"},{"v":0.6,"d":"60%"},{"v":230,"d":"230.00"},null,null,"销售部",1,"闲置"]
["107","040100","联想笔记本电脑","贵州产投高科新型建筑建材科技有限责任公司","B51-80","B51-80",1,"台","电子设备","2017-04-18",36,36,{"v":3931.62,"d":"3,931.62"},{"v":0,"d":"0.00"},{"$nulls":7},"财务部",0,"盘亏"]
["108","040101","联想笔记本电脑","贵州产投高科新型建筑建材科技有限责任公司",null,null,1,"台","电子设备","2017-04-18",36,36,{"v":3931.63,"d":"3,931.63"},{"v":0,"d":"0.00"},{"$nulls":7},"综合部",0,"盘亏"]
["109","040104","监控设备","贵州产投高科新型建筑建材科技有限责任公司","摩托罗拉CDE108","摩托罗拉CDE108",1,"台","电子设备","2017-06-12",36,36,{"v":560,"d":"560.00"},{"v":0,"d":"0.00"},{"$nulls":7},"综合部",0,"盘亏"]
["110","040105","监控设备","贵州产投高科新型建筑建材科技有限责任公司","摩托罗拉CDE108","摩托罗拉CDE108",1,"台","电子设备","2017-06-12",36,36,{"v":560,"d":"560.00"},{"v":0,"d":"0.00"},{"$nulls":7},"综合部",0,"盘亏"]
["111","040106","灭纹灯","贵州产投高科新型建筑建材科技有限责任公司","永鑫","永鑫",1,"个","电子设备","2017-06-14",36,36,{"v":119,"d":"119.00"},{"v":0,"d":"0.00"},{"$nulls":7},"综合部",0,"盘亏"]
["112","040107","监控设备","贵州产投高科新型建筑建材科技有限责任公司",null,null,1,"套","电子设备","2017-06-22",36,36,{"v":4758.46,"d":"4,758.46"},{"v":0,"d":"0.00"},{"$nulls":7},"综合部",0,"盘亏"]
["113","050089","文件柜","贵州产投高科新型建筑建材科技有限责任公司","加厚","加厚",1,"个","办公设备","2017-06-22",60,60,{"v":560,"d":"560.00"},{"v":0,"d":"0.00"},{"v":319,"d":"319.00"},{"v":0.1,"d":"10%"},{"$f":"ROUND(O118*P118,-1)","v":{"v":30,"d":"30.00"}},{"v":0.6,"d":"60%"},{"$f":"ROUND(Q118*R118,-1)","v":{"v":20,"d":"20.00"}},null,null,"销售部",1,"闲置"]
["114","040112","电脑","贵州产投高科新型建筑建材科技有限责任公司","华硕24吋","华硕24吋",1,"台","电子设备","2017-08-04",36,36,{"v":3675.22,"d":"3,675.22"},{"v":0,"d":"0.00"},{"$nulls":7},"销售部",0,"盘亏"]
["115","040113","电脑","贵州产投高科新型建筑建材科技有限责任公司","华硕32吋","华硕32吋",1,"台","电子设备","2017-08-04",36,36,{"v":4273.5,"d":"4,273.50"},{"v":0,"d":"0.00"},{"$nulls":7},"财务部",0,"盘亏"]
["116","040116","全电子汽车衡","贵州产投高科新型建筑建材科技有限责任公司","3*12M*120吨","3*12M*120吨",1,"台","电子设备","2017-08-18",36,36,{"v":36410.26,"d":"36,410.26"},{"v":0,"d":"0.00"},{"$nulls":7},"综合部",0,"盘亏"]
["117","040125","固定资产进项税转出","贵州产投高科新型建筑建材科技有限责任公司",null,null,1,"项","电子设备","2017-12-31",36,36,{"v":48201.11,"d":"48,201.11"},{"v":0,"d":"0.00"},{"$nulls":7},"综合部"]
["118","040126","笔记本电脑","贵州产投高科新型建筑建材科技有限责任公司","thinkpad S2","thinkpad S2",1,"台","电子设备","2019-01-04",36,36,{"v":4213.79,"d":"4,213.79"},{"v":0,"d":"0.00"},{"$nulls":7},"综合部",0,"盘亏"]
["119","040127","华为笔记本","贵州产投高科新型建筑建材科技有限责任公司","Mate Book 13 8GB 512GB","Mate Book 13 8GB 512GB",1,"台","电子设备","2019-11-01",36,36,{"v":5043.36,"d":"5,043.36"},{"v":0,"d":"0.00"},{"$nulls":7},"综合部",0,"盘亏"]
["120","040128","惠普台式电脑1套","贵州产投高科新型建筑建材科技有限责任公司",null,null,1,"台","电子设备","2020-01-05",36,36,{"v":3715.93,"d":"3,715.93"},{"v":0,"d":"0.00"},{"v":500,"d":"500.00"},null,{"v":500,"d":"500.00"},{"v":0.6,"d":"60%"},{"$f":"ROUND(Q125*R125,-1)","v":{"v":300,"d":"300.00"}},null,null,"综合部",1,"闲置"]
["121","040129","惠普打印机","贵州产投高科新型建筑建材科技有限责任公司","惠普Cp1025nw","惠普",1,"台","电子设备","2020-02-26",36,36,{"v":2388.5,"d":"2,388.50"},{"v":0,"d":"0.00"},{"v":450,"d":"450.00"},null,{"v":450,"d":"450.00"},{"v":0.6,"d":"60%"},{"v":270,"d":"270.00"},null,null,"综合部",1,"闲置"]
["122","040130","联想天逸510S英特尔酷睿十代i3台式机主机","贵州产投高科新型建筑建材科技有限责任公司","i3-101008G 1T wifi win10","i3-101008G 1T wifi win10",1,"台","电子设备","2021-08-01",36,28,{"v":2399,"d":"2,399.00"},533.08,{"$nulls":7},"综合部",0,"盘亏"]
["123","050099","PC专业工作台","贵州产投高科新型建筑建材科技有限责任公司","正版WIN7","正版WIN7",1,"台","办公设备","2016-12-08",60,60,{"v":11683.76,"d":"11,683.76"},{"v":0,"d":"0.00"},{"v":200,"d":"200.00"},null,{"v":200,"d":"200.00"},{"v":0.6,"d":"60%"},{"v":120,"d":"120.00"},null,null,"销售部",1,"闲置"]
["124","050100","PC专业工作台","贵州产投高科新型建筑建材科技有限责任公司","正版WIN7","正版WIN7",1,"台","办公设备","2016-12-08",60,60,{"v":11683.76,"d":"11,683.76"},{"v":0,"d":"0.00"},{"v":200,"d":"200.00"},null,{"v":200,"d":"200.00"},{"v":0.6,"d":"60%"},{"v":120,"d":"120.00"},null,null,"墙板生产线",1,"闲置"]
["125",null,"餐桌",null,"1.2m*0.6m  复合板",null,null,"张","电子设备",{"$nulls":5},{"v":360,"d":"360.00"},null,{"v":360,"d":"360.00"},{"v":0.6,"d":"60%"},{"v":220,"d":"220.00"},{"$nulls":3},9,"盘盈，闲置，放于厨房1、2楼"]
["126",null,"班椅",null,"皮面",null,null,"把","电子设备",{"$nulls":5},{"v":300,"d":"300.00"},null,{"v":300,"d":"300.00"},{"v":0.6,"d":"60%"},{"v":180,"d":"180.00"},{"$nulls":3},3,"盘盈，闲置"]
["127",null,"铁皮柜",null,"0.8m*0.4m*0.4m",null,null,"个","电子设备",{"$nulls":5},{"v":500,"d":"500.00"},null,{"v":500,"d":"500.00"},{"v":0.6,"d":"60%"},{"v":300,"d":"300.00"},{"$nulls":3},5,"盘盈，闲置"]
["128",null,"木桌",null,"1m*1.5m",null,null,"张","电子设备",{"$nulls":5},{"v":90,"d":"90.00"},null,{"v":90,"d":"90.00"},{"v":0.6,"d":"60%"},{"v":50,"d":"50.00"},{"$nulls":3},1,"盘盈，闲置，放于厨房2楼"]
["129",null,"电风扇",null,"FS1-40   B2Y",null,null,"台","电子设备",{"$nulls":5},{"v":50,"d":"50.00"},null,{"v":50,"d":"50.00"},{"v":0.6,"d":"60%"},{"v":30,"d":"30.00"},{"$nulls":3},1,"盘盈，闲置，放于厨房2楼"]
["130",null,"电脑书桌",null,"1.2m*0.8m",null,null,"张","电子设备",{"$nulls":5},{"v":150,"d":"150.00"},null,{"v":150,"d":"150.00"},{"v":0.6,"d":"60%"},{"v":90,"d":"90.00"},{"$nulls":3},1,"盘盈，闲置，放于厨房2楼"]
["131",null,"蒸煮桶",null,"SYZ-300  30L",null,null,"个","电子设备",{"$nulls":5},{"v":50,"d":"50.00"},null,{"v":50,"d":"50.00"},{"v":0.6,"d":"60%"},{"v":30,"d":"30.00"},{"$nulls":3},1,"盘盈，闲置，放于厨房2楼"]
["132",null,"打印机",null,"KONICA pagepro1500w",null,null,"台","电子设备",{"$nulls":5},{"v":900,"d":"900.00"},null,{"v":900,"d":"900.00"},{"v":0.6,"d":"60%"},{"v":540,"d":"540.00"},{"$nulls":3},2,"盘盈，闲置，放于115房间"]
["133",null,"饮水机",null,"美的，MYD801S-X",null,null,"台","电子设备",{"$nulls":5},{"v":180,"d":"180.00"},null,{"v":180,"d":"180.00"},{"v":0.6,"d":"60%"},{"v":110,"d":"110.00"},{"$nulls":3},1,"盘盈，闲置，放于115房间"]
["134",null,"沙发",null,"3人",null,null,"个","电子设备",{"$nulls":5},{"v":480,"d":"480.00"},null,{"v":480,"d":"480.00"},{"v":0.6,"d":"60%"},{"v":290,"d":"290.00"},{"$nulls":3},2,"盘盈，闲置，放于115房间"]
["135",null,"木桌",null,"1m*1.5m",null,null,"张","电子设备",{"$nulls":5},{"v":225,"d":"225.00"},null,{"v":225,"d":"225.00"},{"v":0.6,"d":"60%"},{"v":140,"d":"140.00"},{"$nulls":3},1,"盘盈，闲置，放于115房间"]
["136",null,"打印机",null,"KONICA pagepro1580MF",null,null,"台","电子设备",{"$nulls":5},{"v":450,"d":"450.00"},null,{"v":450,"d":"450.00"},{"v":0.6,"d":"60%"},{"v":270,"d":"270.00"},{"$nulls":3},1,"盘盈，闲置，放于115房间"]
["137",null,"班椅",null,"皮面",null,null,"把","电子设备",{"$nulls":5},{"v":200,"d":"200.00"},null,{"v":200,"d":"200.00"},{"v":0.6,"d":"60%"},{"v":120,"d":"120.00"},{"$nulls":3},2,"盘盈，闲置，放于115房间"]
["138",null,"电动装订机",null,"HC-180    7.5kg、100mm",null,null,"台","电子设备",{"$nulls":5},{"v":90,"d":"90.00"},null,{"v":90,"d":"90.00"},{"v":0.6,"d":"60%"},{"v":50,"d":"50.00"},{"$nulls":3},1,"盘盈，闲置，放于115房间"]
["139",null,"电风扇",null,"艾美特 FS4066T2-5",null,null,"台","电子设备",{"$nulls":5},{"v":50,"d":"50.00"},null,{"v":50,"d":"50.00"},{"v":0.6,"d":"60%"},{"v":30,"d":"30.00"},{"$nulls":3},1,"盘盈，闲置，放于115房间"]
["140",null,"组装电脑",{"$nulls":4},"台","电子设备",{"$nulls":5},{"v":5000,"d":"5,000.00"},null,{"v":5000,"d":"5,000.00"},{"v":0.6,"d":"60%"},{"v":3000,"d":"3,000.00"},{"$nulls":3},10,"盘盈，闲置，放于112、113、114、115房间"]
["141",null,"沙发",null,"3+1+1，皮",null,null,"个","电子设备",{"$nulls":5},{"v":400,"d":"400.00"},null,{"v":400,"d":"400.00"},{"v":0.6,"d":"60%"},{"v":240,"d":"240.00"},{"$nulls":3},1,"盘盈，闲置，放于114房间"]
["142",null,"保险柜",null,"得力，BGX-M/D-53  3644",null,null,"个","电子设备",{"$nulls":5},{"v":200,"d":"200.00"},null,{"v":200,"d":"200.00"},{"v":0.6,"d":"60%"},{"v":120,"d":"120.00"},{"$nulls":3},1,"盘盈，闲置，放于114房间"]
["143",null,"办公椅",null,"网面等",null,null,"把","电子设备",{"$nulls":5},{"v":1360,"d":"1,360.00"},null,{"v":1360,"d":"1,360.00"},{"v":0.6,"d":"60%"},{"v":820,"d":"820.00"},{"$nulls":3},17,"盘盈，闲置"]
["144",null,"办公桌",null,"1200*600",null,null,"张","电子设备",{"$nulls":5},{"v":800,"d":"800.00"},null,{"v":800,"d":"800.00"},{"v":0.6,"d":"60%"},{"v":480,"d":"480.00"},{"$nulls":3},8,"盘盈，闲置"]
["145",null,"铁皮柜",{"$nulls":4},"个","电子设备",{"$nulls":5},{"v":1914,"d":"1,914.00"},{"v":0.1,"d":"10%"},{"$f":"ROUND(O150*P150,-1)","v":{"v":190,"d":"190.00"}},{"v":0.6,"d":"60%"},{"v":110,"d":"110.00"},{"$nulls":3},6,"盘盈，闲置"]
["合     计",{"$nulls":11},{"$f":"SUM(M6:M150)","v":{"v":407519.23,"d":"407,519.23"}},533.08,{"v":158228,"d":"158,228.00"},null,{"$f":"SUM(Q6:Q150)","v":{"v":37759,"d":"37,759.00"}},null,{"$f":"SUM(S6:S150)","v":{"v":22642,"d":"22,642.00"}}]
["减：电子设备减值准备"]
["合            计",{"$nulls":4},"",{"$nulls":6},{"$f":"M151-M152","v":{"v":407519.23,"d":"407,519.23"}},533.08,{"v":158228,"d":"158,228.00"},null,{"$f":"Q151-Q152","v":{"v":37759,"d":"37,759.00"}},null,{"$f":"S151-S152","v":{"v":22642,"d":"22,642.00"}}]
[{"$nulls":18},"评估人员：康永军、张力、张黎、高攀、吴培"]

{"sheet":"无形资产","index":5,"n_rows":11,"n_cols":17,"rows_kept":11,"merged":[[0,0,0,16],[2,5,2,8],[3,0,4,0],[3,1,4,1],[3,2,4,2],[3,3,4,3],[3,4,4,4],[3,5,4,5],[3,6,4,6],[3,7,4,7],[3,8,3,9],[3,10,4,10],[3,11,4,11],[3,12,4,12],[3,13,4,13],[3,14,4,14],[3,15,4,15],[3,16,4,16],[6,11,7,11],[6,12,7,12],[6,13,7,13],[8,0,8,1]]}
["无形资产评估明细表"]
[{"$nulls":8},"评估基准日：2023年11月13日",null,"评估基准日：2023年11月13日"]
["产权持有人：贵州产投高科新型建筑建材科技有限责任公司",{"$nulls":15},"人民币：元"]
["序号","类别","注册号","商标","申请日期","专用权期限","使用月限","已计提期数","账面价值",null,"商标类型","评估价值","变现率","清算价值","增减值","增值率","备注"]
[{"$nulls":8},"原值","净值"]
["1","19","29702112",null,"2018-3-20","2019年1月28日至2029年1月27日",240,84,{"v":36410.26,"d":"36,410.26"},{"v":11687.71,"d":"11,687.71"},"一般",{"v":1100,"d":"1,100.00"},{"v":0.6,"d":"60%"},{"$f":"ROUND(L6*M6,-2)","v":{"v":700,"d":"700.00"}},null,null,"注册商标"]
["2","42","23832709",null,"2017-4-27","2018年4月21日至2028年4月20日",120,82,{"v":7029540,"d":"7,029,540.00"},{"v":2370126.63,"d":"2,370,126.63"},"一般",{"v":3200,"d":"3,200.00"},{"v":0.6,"d":"60%"},{"$f":"ROUND(L7*M7,-2)","v":{"v":1900,"d":"1,900.00"}},null,null,"注册商标撤销/无效宣告申请审查中，经与委托人沟通，本次按商标有效状态确认评估。"]
["3","19","23832620",null,"2017-4-27","2018年9月21日至2028年9月20日",60,60,{"v":177012,"d":"177,012.00"},{"v":5310.36,"d":"5,310.36"},"一般",{"$nulls":5},"注册商标"]
["合     计",{"$nulls":7},{"$f":"SUM(I6:I8)","v":{"v":7242962.26,"d":"7,242,962.26"}},{"$f":"SUM(J6:J8)","v":{"v":2387124.7,"d":"2,387,124.70"}},{"$nulls":3},{"$f":"SUM(N6:N8)","v":{"v":2600,"d":"2,600.00"}}]
["填表人：冯军",{"$nulls":7},"评估人员：康永军、张力、张黎、高攀、吴培",{"$nulls":3},"评估人员：康永军、张力、张黎、高攀、吴培"]
["填表日期：2024-4-8"]